000 00375nam a2200157Ia 4500
008 230917s9999||||xx |||||||||||||| ||und||
040 _e101108
_aMAIN
041 _aEnglish
082 _a910.02 S64B
100 _aSingh, Jagdish
245 0 _aBhautik Bhugol
250 _a5th ed.
260 _aNew Delhi
_bRadha Publications
_c2003
300 _aix, 425 p.
942 _cBK
999 _c109903
_d109903